| 000 | 00424cam a22001337a 4500 | ||
|---|---|---|---|
| 008 | 180718b1985 xxu||||| |||| 00| 0 eng d | ||
| 082 | _aAPPPA 84-85 PIL | ||
| 100 | _aPillai, R.R. | ||
| 245 |
_aLand management problems with refernce to cantonements _cby R.R. Pillai |
||
| 260 |
_aNew Delhi _bIndian Institute of Public Administration _c1985 |
||
| 300 | _a119p. | ||
| 650 | _aCantonements | ||
| 650 | _aLand management problems | ||
| 999 |
_c501366 _d501366 |
||